000 00682nam a22002177a 4500
003 UA-OsUOA
001 112863
007 ta
008 20150804b un ||||| |||| 00| 0 ukr d
100 _aМалиняк Б.С.
090 _a330(477)
_bМ19
942 _cSA
040 _aUA-OsUOA
_bukr
_cUA-OsUOA
_dUA-OsUOA
245 _aДетінізація місцевих фінансів як передумова бюджетної децентралізації в Україні
300 _aС.69-81
955 _a0
041 _aukr
080 _a330(477)
773 0 _w112858
_tФінанси України
_dК.
_d2015
_g5
650 7 _a330 Економіка взагалі
_2UDC
999 _c399285
_d399285